| 000 | 00426nam a2200157Ia 4500 | ||
|---|---|---|---|
| 003 | LK-CoDNM | ||
| 008 | 010623t1998 xxu||||| |||| 00| 1 eng d | ||
| 040 |
_aLK-CoDNM _dLK-CoDNM _eLK-CoDNM |
||
| 041 | _aeng | ||
| 080 |
_a82-4 _bWIJ |
||
| 100 | _aWijesinha, Rajiva | ||
| 245 | _aBreaking bounds:Essays on Sri Lankan writing in English | ||
| 260 |
_bSabaragamuwa University press _c1998 |
||
| 300 | _b149, 22 cm | ||
| 942 | _cBK | ||
| 999 |
_c118618 _d118618 |
||